000 00938nam a2200265 a 4500
005 20231013063648.0
008 020222m20002007es r 000 0 spa d
020 _a8474327261
020 _a9788474327267
035 _aUPN01000116357
049 _aCG
050 4 _aQ180.55 M4
_bB5.28
100 1 _aBlaxter, Loraine,
_d1945-
245 1 0 _aCómo se hace una investigación /
_cLoraine Blaxter, Christina Hughes, Malcom Tight ; tr. Gabriela Ventureira.
260 _aBarcelona, Esp. :
_bGedisa,
_c2000 (2007 impr.).
300 _a351 p.
440 0 _aBiblioteca de educación.
_pHerramientas universitarias ;
_v1
590 _a(También localizas un ejemplar en el "Area de Reserva")
590 _aBibliografía Básica (BGTQ)
534 _pTraducción de:
_tHow to research
650 4 _aInvestigación
_xMetodología
_95209
700 1 _aHughes, Christina,
_d1952-
_ecoaut.
700 1 _aTiight, Malcom,
_ecoaut.
905 _aLibro
999 _c89108
_d89108